Min al-fiqh al-Islāmī / (Record no. 50665)

MARC details
000 -LEADER
fixed length control field 00653cam a22002171 4500
001 - CONTROL NUMBER
control field ne 68003025
003 - CONTROL NUMBER IDENTIFIER
control field DLC
005 - DATE AND TIME OF LATEST TRANSACTION
control field 20260227111845.0
008 - FIXED-LENGTH DATA ELEMENTS--GENERAL INFORMATION
fixed length control field 930902s1968 ua b 000 0 arar
010 ## - LIBRARY OF CONGRESS CONTROL NUMBER
LC control number ne 68003025
035 ## - SYSTEM CONTROL NUMBER
System control number (OCoLC)28741385
040 ## - CATALOGING SOURCE
Original cataloging agency DLC
Transcribing agency CU
Modifying agency CU
-- DLC
050 00 - LIBRARY OF CONGRESS CALL NUMBER
Classification number BP184
Item number .H86
100 1# - MAIN ENTRY--PERSONAL NAME
Personal name Ḥuṣarī, Aḥmad.
245 10 - TITLE STATEMENT
Title Min al-fiqh al-Islāmī /
Statement of responsibility, etc. li-Aḥmad al-Ḥuṣarī.
260 ## - PUBLICATION, DISTRIBUTION, ETC.
Place of publication, distribution, etc. [al-Qāhirah] :
Name of publisher, distributor, etc. Maktabat al-Kullīyāt al-Azharīyah,
Date of publication, distribution, etc. 1968.
300 ## - PHYSICAL DESCRIPTION
Extent 466 p. ;
Dimensions 24 cm.
504 ## - BIBLIOGRAPHY, ETC. NOTE
Bibliography, etc. note Bibliographical footnotes.
505 0# - FORMATTED CONTENTS NOTE
Formatted contents note al-Madkhal-- al-ʻibādāt.
650 #0 - SUBJECT ADDED ENTRY--TOPICAL TERM
Topical term or geographic name entry element Islam
General subdivision Customs and practices.

No items available.

Powered by Koha